|
|
|
|
| LEADER |
00919nam a2200265 a 4500 |
| 001 |
001173741 |
| 003 |
CZ BrMZK |
| 005 |
20111013090312.0 |
| 007 |
ta |
| 008 |
111012s2009 au g 000 j ger |
| 020 |
|
|
|a 978-3-552-05471-4
|q (váz.)
|
| 040 |
|
|
|a BOA001
|b cze
|
| 072 |
|
7 |
|a 821.112.2-3
|x Německá próza, německy psaná
|2 Konspekt
|9 25
|
| 080 |
|
|
|a 821.112.2(436)-32
|2 MRF
|
| 080 |
|
|
|a (0:82-323.1)
|2 MRF
|
| 100 |
1 |
|
|a Achleitner, Friedrich,
|d 1930-2019
|7 jn19990000060
|4 aut
|
| 245 |
1 |
4 |
|a Der springende Punkt /
|c Friedrich Achleitner
|
| 260 |
|
|
|a Wien :
|b Paul Zsolnay,
|c c2009
|
| 300 |
|
|
|a 125 s. ;
|c 22 cm
|
| 655 |
|
7 |
|a rakouské příběhy
|7 fd183189
|2 czenas
|
| 655 |
|
7 |
|a satirické příběhy
|7 fd133329
|2 czenas
|
| 910 |
2 |
|
|a BOA001
|b RK-0005.788
|
| 990 |
|
|
|a BK
|
| 991 |
|
|
|b 201110
|e b
|x 33
|
| 996 |
7 |
|
|b 261A006994
|c RK-0005.788
|l Rakouská knihovna/2.patro
|r ZHR
|n 6
|p dar
|h B-ach
|w 001207374
|u 000010
|a 0
|e BOA001
|j MZK50
|s A
|